LEADER 01033cam0 2200265 450 001 E600200008754 005 20200701090743.0 100 $a20050217d1960 |||||ita|0103 ba 101 $aita 102 $aIT 200 1 $a"Quando amor mi spira" (Purg., XXIV, 52-63)$fSilvio Pellegrini 210 $aBologna$cCooperativa Tipografica Azzoguidi$d1960 215 $a197-211 p.$d23 cm. 300 $aEstr.da : Rendiconto delle Sessioni della Accademia delle Scienze dell'Istituto di Bologna - Classe di Scienze morali. Serie V - Vol. VIII 300 $aFondo E.Esposito 700 1$aPellegrini$b, Silvio$3A600200029867$4070$0189584 801 0$aIT$bUNISOB$c20200701$gRICA 850 $aUNISOB 852 $aUNISOB$j850.1|Opusc$m117445 912 $aE600200008754 940 $aM 102 Monografia moderna SBN 941 $aM 957 $a850.1|Opusc$b000026$gSi$d117445$hEsposito$rdono$1diguida$2UNISOB$3UNISOB$420050217095415.0$520200701090726.0$6Alfano 996 $a"Quando amor mi spira" (Purg., XXIV, 52-63)$91670647 997 $aUNISOB LEADER 01540nam 2200397Ia 450 001 996392435303316 005 20221108044108.0 035 $a(CKB)1000000000678442 035 $a(EEBO)2269046509 035 $a(OCoLC)9920201900971 035 $a(EXLCZ)991000000000678442 100 $a19890818d1614 uy | 101 0 $aeng 135 $aurbn||||a|bb| 200 10$aBy the King, a proclamation conteyning His Maiesties royall pleasure$b[electronic resource] $econcerning the proiect of dying and dressing of broad cloathes within the kingdome, before they be exported 210 $aImprinted at London $cBy Robert Barker ...$d1614 215 $a1 sheet ([2] p.) 300 $aCaption title. 300 $a"Giuen at our palace of Westminster the fiue and twentieth day of May in the twelth yeere of our reign ..."--P. [2]. 300 $aImprint from colophon. 300 $aReproduction of original in the Henry E. Huntington Library and Art Gallery. 330 $aeebo-0113 606 $aTextile industry$zEngland 606 $aProclamations$zGreat Britain 607 $aGreat Britain$xHistory$yJames I, 1603-1625 607 $aGreat Britain$xPolitics and government$y1603-1625 615 0$aTextile industry 615 0$aProclamations 701 $aJames$cKing of England,$f1566-1625.$01001019 801 0$bEBK 801 1$bEBK 801 2$bWaOLN 906 $aBOOK 912 $a996392435303316 996 $aBy the King, a proclamation conteyning His Maiesties royall pleasure$92347146 997 $aUNISA